Normal view
MARC view
Entry Personal Name
001 - CONTROL NUMBER
- control field: 438331
003 - CONTROL NUMBER IDENTIFIER
- control field:
005 - DATE AND TIME OF LATEST TRANSACTION
- control field: 20210602125638.0
008 - FIXED-LENGTH DATA ELEMENTS
- fixed length control field: 210602|| aca||aabn | a|a d
040 ## - CATALOGING SOURCE
- Original cataloging agency:
- Transcribing agency:
100 ## - HEADING--PERSONAL NAME
- Personal name: Yusi, al.-Hasan ibn Masud,
- Dates associated with a name: 1630 or 31.-1691
670 ## - SOURCE DATA FOUND
- Source citation: Work cat.: (): Berque, Jacques 397447, Al.-Yousi :, 1958
